000 00364nam a2200169Ia 4500
100 _aHorenstmann.C/ Gary Cornell
250 _a7
490 _v2
942 _cBK
654 _acore java
245 _aCore javaTM2 Vol.2:Advanced features
260 _bPearson Education
_c2005
082 _a5.133
_bHOR
300 _a1022
546 _aENGLISH
999 _c20165
_d20165